000 01524cab a2200265 4500
001 ABS67571
008 040303n2003 000 0 eng u
035 _a(Sirsi) u125318
100 _aDaly, J.
245 _aConsumer behaviour in the valuation of residential property
260 _c2003
490 _aProperty Management
_v21(5) 2003, 295-314(20)
520 _aReports on the results of empirical investigations that examine behavioral aspects of residential property valuations. Analyses both the attitudes of the consumers of residential property and the actual valuation methods used by valuers to determine whether they account for buyer behaviour accurately. Concludes that although valuers believe that buyer behaviour is an important part of the valuation process they do not consider buyer preferences. They have reduced the valuation task to a confirmation of bid price and because of lender pressure which occurs worldwide, valuers overlook the economic sustainability of the property asset, which has severe implications for housing markets and national economies that interact with these markets. Tables and references. [Taken from journal abstract].
590 _aABS
650 _aRESIDENTIAL PROPERTY
_96266
650 _aBEHAVIOUR
650 _aUNITED KINGDOM
650 _aIRELAND
650 _aAUSTRALIA
690 _aPROPERTY-RESIDENTIAL PROPERTY-RESIDENTIAL PROPERTY APPRAISAL AND VALUATION
700 _aGronow, S.
700 _aJenkins, D.
700 _aPlimmer, F.
942 _n0
999 _c74226
_d74226